Tarasov's hockey technique.

Bibliographic Details
Main Author: Tarasov, Anatoliĭ (Anatoliĭ)
Format: Book
Language:English
Swedish
Russian
Published: Toronto : Holt, Rinehart and Winston of Canada, [1973]
Subjects:

MARC

Tag First Indicator Second Indicator Subfields
LEADER 00000cam a2200000 a 4500
001 in00000070901
005 20151008061945.0
008 760119r19731972cn ac b 00010 eng d
010 |a  73009239  
020 |a 0039235688 
020 |a 9780039235680 
035 |a (OCoLC)01934418 
035 |9 AAJ9219AM 
040 |a GYG  |c GYG  |d YCM  |d OCL  |d TXA  |d UtOrBLW 
041 1 |a eng  |a swe  |a rus 
049 |a TXAM  |c [1386940] 
050 0 |a GV847  |b .T3 
090 |a GV847  |b .T313 
092 |a 796.962  |b T171 
100 1 |a Tarasov, Anatoliĭ  |q (Anatoliĭ) 
245 1 0 |a Tarasov's hockey technique. 
264 1 |a Toronto :  |b Holt, Rinehart and Winston of Canada,  |c [1973] 
264 4 |c ©1973 
300 |a vi, 89 pages :  |b illustrations (some color), portraits ;  |c 20 x 23 cm. 
336 |a text  |b txt  |2 rdacontent 
337 |a unmediated  |b n  |2 rdamedia 
338 |a volume  |b nc  |2 rdacarrier 
500 |a Originally published in Swedish under title : Tarasovs Ishockeysskola, del 1-teknik, edited and translated from the Russian. 
504 |a Includes bibliographical references. 
650 0 |a Hockey. 
740 0 |a Hockey technique. 
999 |a MARS 
999 f f |s 4bee5fdc-3d80-3236-9fab-25e64a0cf8e7  |i 73aa3d3e-90e0-31eb-8e77-9340be1856f7  |t 0 
952 f f |p normal  |a Texas A&M University  |b College Station  |c Sterling C. Evans Library  |d Evans: Library Stacks  |t 0  |e GV847 .T313  |h Library of Congress classification  |i unmediated -- volume  |m A14806116589 
998 f f |a GV847 .T313  |t 0  |l Evans: Library Stacks